00991 2200349 4500001002100000005001500021035002000036007000300056040001700059100002700076245010200103250001200205300003100217041000800248082000800256084001400264090001900278264003600297336002100333337003000354338002300384650001000407850001000417008004100427020002200468700004400490990002200534990001800556990002200574990002200596990002300618INLIS00000000000805020260529084931 a0010-0922000539ta aSBPUPADbind aRayid AkbarePengarang1 aMisteri Lereng Merapi :bSerial Misteri. /cPengarang; Rasyid Akbar, Ilustrator; Sugeng Supriyadi a--Cet-1 a112 hlm. :bilus. ;c14 cm aind a813 a813 RAS m a813 MAD s 24-8 a--Jakarta :bZikrul Kids,c2011 2rdacontentateks 2rdamediaatanpa perantara 2rdacarrieravolume 4aFiksi aPUPAD260529 1  a978-979-063-682-8 aIlustrator; Sugeng SupriyadiePengarang a25.410/B/DPK/2017 a19007/BR/2013 a25.409/B/DPK/2017 a25.412/B/DPK/2017 a25.411/B/DPK/2017K